MR Chip in paradise

Bibliographic Details
Main Author: Stuttard, Marie
Format: Book
Published: Auckland : Hodder and Stoughton , 1986
Subjects:

MARC

LEADER 00000cam a2200000 7i4500
001 0000001388
002 000001527
005 20000330.0
020 |a 034039949X 
090 0 0 |a JF   |b STU 
100 1 |a Stuttard, Marie 
245 1 0 |a MR Chip in paradise   |c Marie Stuttard ; illustratedby Greg Whitecliffe 
260 |a Auckland :   |b Hodder and Stoughton ,   |c 1986 
300 |a 100p. :   |b ill ;   |c 22cm. 
650 0 0 |a Science fiction 
999 |a 032448   |b BUKU   |c PINJAMAN   |e PERPUSTAKAAN KOMUNITI PETALING JAYA